000
00271nam a2200121Ia 4500
008
190216s9999||||xx |||||||||||||| ||und||
100
_a
Mridula Sinha
245
0
_a
Hindi-Yayavari Ankomse
260
_b
Njan Ganga
_c
2010
300
_a
222
650
_a
Hindi
942
_c
BK
999
_c
16774
_d
16774